000 00875nam a22002177a 4500
999 _c15143
_d15143
003 OSt
082 _2631.587 ABD/ID
088 _aP 223
100 _aABDUL SUHAIL
_93432
245 _aIdentification of shallow groundwater potential areas in Thuthappuzha sub - basin using GIS technology
260 _aTavanur 2011
_bKelappaji College of Agricultural Engineering and Technology
300 _a41
500 _aIdentification of shallow groundwater potential areas in Thuthappuzha sub - basin using GIS technology
520 _aIdentification of shallow groundwater potential areas in Thuthappuzha sub - basin using GIS technology
700 _aChithra M. G
_93433
700 _aDeepthy C
_93434
700 _aJiji P. S
_93435
700 _aEr. Anu Varughese (Guide)
_93436
856 _uhttps://drive.google.com/open?id=1PhZIe9tTE-1I-EMXOyskUsHl2UYilKy5
942 _cPR